Lord of the Rings Actors - Statistics

General Stats
  • This quiz has been taken 28 times
  • The average score is 6 of 9
Answer Stats
Hint Answer % Correct
Frodo Elijah Wood
91%
Gandalf Ian McKellen
91%
Legolas Orlando Bloom
91%
Boromir Sean Bean
83%
Sam Sean Astin
52%
Pippin Billy Boyd
48%
Aragorn Viggo Mortenson
43%
Merry Dominic Monaghan
39%
Gimli John Rhyes-Davies
22%
No matching quizzes found
Score Distribution
Percent of People with Each Score
Percentile by Number Answered
Your Score History
You have not taken this quiz